The Real Housewives of Salt Lake City Cast Members - Statistics

General Stats
  • This quiz has been taken 46 times
  • The average score is 10 of 14
Answer Stats
Seasons Appearing Real Housewife % Correct
Seasons 1-6 Lisa Barlow
100%
Seasons 1-6 Heather Gay
97%
Seasons 1-6 Meredith Marks
97%
Seasons 1-6 Whitney Rose
94%
Seasons 1-3 Jen Shah
91%
Seasons 1-2 & 5-6; Friend of Season 4 Mary Cosby
91%
Seasons 5-6 Bronwyn Newport
69%
Season 4 Monica Garcia
66%
Guest Seasons 1-2; Friend of Season 3 Angie Harrington
63%
Seasons 4-6; Guest Season 2; Friend of Season 3 Angie Katsanevas
63%
Season 2 Jennie Nguyen
56%
Friend of Seasons 5-6 Britani Bateman
47%
Friend of Season 5 Meili Workman
25%
Friend of Season 3; Guest Season 4 Danna Bui-Negrete
22%
No matching quizzes found
Score Distribution
Percent of People with Each Score
Percentile by Number Answered
Your Score History
You have not taken this quiz